Nghiên cứu Châu Âu = European Studies

Uloženo v:
Podrobná bibliografie
Médium: Kniha
Jazyk:Undetermined
Vydáno: Hà Nội Viện Khoa học Xã hội Việt Nam 2018
Témata:
Tagy: Přidat tag
Žádné tagy, Buďte první, kdo otaguje tento záznam!
Thư viện lưu trữ: Trung tâm Học liệu Trường Đại học Cần Thơ
LEADER 00599nam a2200193Ia 4500
001 CTU_234879
008 210402s9999 xx 000 0 und d
020 |c 30000 
082 |a 940 
082 |b Ngh305 
245 0 |a Nghiên cứu Châu Âu = 
245 0 |b European Studies 
245 0 |c Viện Khoa học Xã hội Việt Nam 
260 |a Hà Nội 
260 |b Viện Khoa học Xã hội Việt Nam 
260 |c 2018 
650 |a International relations,Quan hệ quốc tế 
904 |i Bích Lam 
980 |a Trung tâm Học liệu Trường Đại học Cần Thơ